| 000 | 00585nam a2200181Ia 4500 | ||
|---|---|---|---|
| 008 | 240925s9999 xx 000 0 und d | ||
| 020 | _a9789332578463 | ||
| 082 | _a006.312 GAN | ||
| 100 | _aGanis, Matthew ; Kohirkar, Avinash | ||
| 245 | 0 | _aSocial Media Analytics: techniques and insights for extracting business values out of social media | |
| 250 | _aNA | ||
| 260 |
_aNew Delhi: _bPearson Education _c,2017. |
||
| 300 |
_a697p. _b0 _fOriginal |
||
| 500 | _aIncludes Index | ||
| 600 | _aComputer Science | ||
| 650 | _aComputer science, information & general works | ||
| 942 | _cBK | ||
| 999 |
_c15775 _d15775 |
||